000 00482nam a22001937a 4500
003 OSt
008 230327b |||||||| |||| 00| 0 eng d
020 _a9789352866489
082 _a658.4038
_bTUB
100 _aTURBAN, Efraim
245 _aBusiness Intellignece and Analytics
250 _a10th Ed
260 _aUP
_bPearson
_c2020
300 _a686
650 _aBusiness Intellignece and Aanlytics
700 _aSHARDA,Ramesh
700 _aDELEN,Dursun
942 _2ddc
_cREF
999 _c11902
_d11902